Sổ tay hướng dẫn du lịch Đồng bằng sông Cửu Long = Mekong delta tourism guidebook
Cung cấp thông tin liên quan đến du lịch của 13 tỉnh thuộc Đồng bằng sông Cửu Long.
Wedi'i Gadw mewn:
| Fformat: | Llyfr |
|---|---|
| Iaith: | Undetermined |
| Cyhoeddwyd: |
Cần Thơ
Nxb. Đại học Cần Thơ
2011
|
| Pynciau: | |
| Tagiau: |
Ychwanegu Tag
Dim Tagiau, Byddwch y cyntaf i dagio'r cofnod hwn!
|
| Thư viện lưu trữ: | Trung tâm Học liệu Trường Đại học Cần Thơ |
|---|
| LEADER | 00757nam a2200205Ia 4500 | ||
|---|---|---|---|
| 001 | CTU_229689 | ||
| 008 | 210402s9999 xx 000 0 und d | ||
| 020 | |c 64500 | ||
| 082 | |a 915.978 | ||
| 082 | |b S450 | ||
| 245 | 0 | |a Sổ tay hướng dẫn du lịch Đồng bằng sông Cửu Long = | |
| 245 | 0 | |b Mekong delta tourism guidebook | |
| 260 | |a Cần Thơ | ||
| 260 | |b Nxb. Đại học Cần Thơ | ||
| 260 | |c 2011 | ||
| 520 | |a Cung cấp thông tin liên quan đến du lịch của 13 tỉnh thuộc Đồng bằng sông Cửu Long. | ||
| 650 | |a Việt Nam,Vietnam | ||
| 650 | |x Mô tả và du lịch,Description and travel | ||
| 910 | |b nthai | ||
| 980 | |a Trung tâm Học liệu Trường Đại học Cần Thơ | ||